00820 2200301 4500001002100000005001500021035002000036007000300056040001700059100003500076245007200111250001000183300003800193504002500231020001800256041000800274082000800282084001400290090002000304264003500324336002100359337003000380338002300410650001000433850001000443008004100453990002400494INLIS00000000000634820260418110035 a0010-0322000592ta aSBPUPADbind0 aInu Kencana SyafiieePengarang1 aSistem Administrasi Negara Republik Indonesa /cInu Kencana Syafiie aCet.2 aviii, 172 hal. :billus. ;c23 cm aBibliografi, hlm 169 a979-562-867-80 aind a350 a350 INU s a350 INU s 11-10 aBandung :bBumi Aksara,,c2003 2rdacontentaTeks 2rdamediaaTanpa Perantara 2rdacarrieravolume 4aSanri aPUPAD260418 0  a5346/ARPUS-PDG/2007